00305 a2200097 4500001001000000005001700010008004100027245003700068100003400105773006800139ART_2583320260410161602.0260409a 10aContabilidad y libertad cultural1 aGarcía Casella, Carlos Luis0 tProfesional & Empresariag- Año VI, Nº 70 (jul. 2005)wREV70